000 00359nam a2200157Ia 4500
003 0STCL
008 150530s9999 xx 000 0 und d
040 _aSTCL
_cSTCL
100 _aJean Genet; Bernard Frechtman
245 _aTheifs journal
260 _bPenguin
_c1967
546 _aEnglish
942 _2ddc
_cBK
999 _c61734
_d61734
005 20220125171156.0